000 00896nam a22002057a 4500
008 120914t xxu||||| |||| 00| 0 eng d
020 _a9-7819-0762-4186
082 _a636
_b DEN
100 _aDenicolo, Marie-anne
_96620
245 _aAcquisitions /
_cDenicolo, Marie-anne
260 _aGuildford :
_bcollege of law publishing
_c2011
300 _axv. ; 187 p. :
_c30 cm.
500 _aIncludes Index
650 _a Economics
_96621
650 _aAcquisitions
_96622
942 _2ddc
_cBK
999 _c5172
_d5172